000
00253nam a2200097Ia 4500
001
687863
005
20250826161604.0
008
250824s9999 xx 000 0 und d
245
0
_a
GÜMÜŞDERE
_c
SADETTİN KAPLAN
260
_b
BİLGE KÜLTÜR SANAT YAYINLARI
999
_c
687863
_d
687863